| 000 | 00935nac a22002775a 4500 | ||
|---|---|---|---|
| 008 | 111219t2006 njua frb 001 0 eng d | ||
| 010 | _a 2002022456 | ||
| 020 | _a0130351199 | ||
| 020 | _a9780131856448 | ||
| 020 | _a0131856448 | ||
| 040 |
_aEG-ScBUE _beng _cEG-ScBUE |
||
| 082 | 0 | 4 |
_a004.22 _bSTA _222 |
| 100 | 1 |
_aStallings, William. _928173 |
|
| 245 | 1 | 0 |
_aComputer organization and architecture : _bdesigning for performance / _cWilliam Stallings. |
| 246 | 3 | _aComputer organization & architecture | |
| 250 | _a7th ed. | ||
| 260 |
_aUpper Saddle River, New Jersey : _bPearson Education, _cc.2006. |
||
| 300 |
_axix, 778 p. : _bill. ; _c24 cm. |
||
| 500 | _aIndex : p. 763-778. | ||
| 500 | _aGlossary : p. 741-750. | ||
| 504 | _aBibliography : p. 751-762. | ||
| 650 | 0 |
_aComputer organization. _928174 _2BUEsh |
|
| 650 | 0 |
_aComputer architecture. _928175 _2BUEsh |
|
| 651 | _2BUEsh | ||
| 942 |
_cBB _k004.22S7827 _2ddc |
||
| 999 |
_c7777 _d203 |
||